000 00833nam a2200265Ia 4500
003 OSt
005 20221006153658.0
006 a|||||r|||| 00| 0
007 ta
008 221006b |||||||| |||| 00| 0 chi d
020 _a978023000787
024 _a33,033
037 _bgift, Toshiba International Foundation
_cAnnuals, Advances
040 _aEASL
_cEASL
_bchi
041 _2chi
_achi
082 _aX755.42, P6
100 _aKaizuka Keimei Au.
_9664919
245 0 _aTackling Japan's fiscal Challenges
260 _aNew York
_bPalgrave macmillan
_c2006
300 _axvi,222p.
_ccm.
490 _v JEL
700 _a Krueger Anne O Au.
_9664920
942 _hX755.42, P6
_cREF
_2CC
999 _c1101119
_d1101119